Online katalóg knižníc regiónu Turca

Tereza Raquinová (Record no. 21110)

MARC details
000 -LEADER
fixed length control field 01760cam a2200505 a 4500
001 - CONTROL NUMBER
control field 21110
003 - CONTROL NUMBER IDENTIFIER
control field VRT
005 - DATE AND TIME OF LATEST TRANSACTION
control field 20260213145235.0
008 - FIXED-LENGTH DATA ELEMENTS--GENERAL INFORMATION
fixed length control field 230403s1962 xo g 000 fdslo
015 ## - NATIONAL BIBLIOGRAPHY NUMBER
National bibliography number SNBA1963/03-00614
020 ## - INTERNATIONAL STANDARD BOOK NUMBER
Qualifying information (brožované)
035 ## - SYSTEM CONTROL NUMBER
System control number SK01SNK19630013319
035 ## - SYSTEM CONTROL NUMBER
System control number urn:nbn:sk:snk-am3ihli
035 ## - SYSTEM CONTROL NUMBER
System control number 29FAAE1B-000A-48FF-BEF8-26835A0FEE84
035 ## - SYSTEM CONTROL NUMBER
System control number urn:nbn:sk:snk-am00eebd
035 ## - SYSTEM CONTROL NUMBER
System control number SKM000015782
039 #9 - LEVEL OF BIBLIOGRAPHIC CONTROL AND CODING DETAIL [OBSOLETE]
Level of rules in bibliographic description 202304032001
Level of effort used to assign nonsubject heading access points VLOAD
Level of effort used to assign subject headings 202212050948
Level of effort used to assign classification VLOAD
Level of effort used to assign subject headings 202205120810
Level of effort used to assign classification VLOAD
Level of effort used to assign subject headings 202106231906
Level of effort used to assign classification VLOAD
040 ## - CATALOGING SOURCE
Original cataloging agency SNK
Language of cataloging slo
Transcribing agency SNK
Description conventions AACR2
041 1# - LANGUAGE CODE
Language code of text/sound track or separate title slo
Language code of original fre
044 ## - COUNTRY OF PUBLISHING/PRODUCING ENTITY CODE
MARC country code xo
ISO country code SK
072 #7 - SUBJECT CATEGORY CODE
Subject category code 821.133.1-3
Subject category code subdivision Francúzska próza, francúzsky písaná
Source konspekt
080 ## - UNIVERSAL DECIMAL CLASSIFICATION NUMBER
Universal Decimal Classification number 840-3
Edition identifier 1981
080 ## - UNIVERSAL DECIMAL CLASSIFICATION NUMBER
Universal Decimal Classification number 821.133.1-31
Edition identifier 2011
080 ## - UNIVERSAL DECIMAL CLASSIFICATION NUMBER
Universal Decimal Classification number 82-311.4
Edition identifier 2011
100 1# - MAIN ENTRY--PERSONAL NAME
Personal name Zola, Émile,
Dates associated with a name 1840-1902
Relationship aut
240 10 - UNIFORM TITLE
Uniform title Thérese Raquin
Language of a work Slovensky
245 10 - TITLE STATEMENT
Title Tereza Raquinová
Statement of responsibility, etc. Emile Zola ; [z francúzskeho originálu Thérese Raquin ... preložil Ondrej Žiška]
250 ## - EDITION STATEMENT
Edition statement 1. vyd.
260 ## - PUBLICATION, DISTRIBUTION, ETC.
Place of publication, distribution, etc. Bratislava
Name of publisher, distributor, etc. Slovenské vydavateľstvo krásnej literatúry
Date of publication, distribution, etc. 1962
300 ## - PHYSICAL DESCRIPTION
Extent 165 strán
Dimensions 21 cm
366 ## - TRADE AVAILABILITY INFORMATION
Note 9000 kusov
490 1# - SERIES STATEMENT
Series statement Hviezdoslavova knižnica
Volume/sequential designation zv. 79
490 1# - SERIES STATEMENT
Series statement Výberový rad
Volume/sequential designation zv. 21
500 ## - GENERAL NOTE
General note Frontispice ; obsahuje bibliografické údaje o autorovi
655 #7 - INDEX TERM--GENRE/FORM
Genre/form data or focus term spoločenské romány
Source of term SNKPH
655 #7 - INDEX TERM--GENRE/FORM
Genre/form data or focus term francúzske romány
Source of term SNKPH
700 1# - ADDED ENTRY--PERSONAL NAME
Personal name Žiška, Ondrej
Relationship trl
830 #0 - SERIES ADDED ENTRY--UNIFORM TITLE
Uniform title Hviezdoslavova knižnica
830 #0 - SERIES ADDED ENTRY--UNIFORM TITLE
Uniform title Výberový rad
910 ## - USER-OPTION DATA (OCLC)
User-option data snk
942 ## - ADDED ENTRY ELEMENTS (KOHA)
Source of classification or shelving scheme Dewey Decimal Classification
Koha item type Krásna literatúra pre dospelých
Suppress in OPAC No
949 ## - LOCAL PROCESSING INFORMATION (OCLC)
6 17A0143535
9 P60, <04>, [BOOK], {604}
a snkSC 17432 D1
949 ## - LOCAL PROCESSING INFORMATION (OCLC)
6 17A0874656
a snkSC 17432
b snkKSP 1110/63
s 6100:20201007
Holdings
Stav vyradenia Strata Poškodenie Spôsob nadobudnutia Domovská knižnica Aktuálna knižnica Dátum nadobudnutia Total checkouts Čiarový kód exemplára Date last seen Typ exemplára
      Dar Obecná knižnica Horná Štubňa Obecná knižnica Horná Štubňa 13.02.2026   4736201295 13.02.2026 Krásna literatúra pre dospelých
Projekt je podporený Slovenskou asociáciou knižníc
Prevádzkuje Turčianska knižnica Martin 2026